| 000 | 00711cam a2200193 4500500 | ||
|---|---|---|---|
| 005 | 20260111080211.0 | ||
| 041 | _afre | ||
| 042 | _adc | ||
| 100 | 1 | 0 |
_aHerlin, Antoine _eauthor |
| 245 | 0 | 0 | _aPour une clarification de la contributivité de la protection sociale |
| 260 | _c2017. | ||
| 500 | _a66 | ||
| 690 | _acotisations | ||
| 690 | _acotisations salariales et patronales | ||
| 690 | _afinances sociales | ||
| 690 | _aprestations contributives et non-contributives -contributivité | ||
| 786 | 0 | _nGestion & Finances Publiques | 5 | 5 | 2017-05-30 | p. 86-93 | 1969-1009 | |
| 856 | 4 | 1 | _uhttps://droit.cairn.info/revue-gestion-et-finances-publiques-2017-5-page-86?lang=fr&redirect-ssocas=7080 |
| 999 |
_c1616021 _d1616021 |
||